The discipline of peace /

Saved in:
Bibliographic Details
Main Author: Barlow, K. E. (Kenneth Elliott)
Format: Book
Language:English
Published: London : C. Knight, 1971.
Edition:2nd ed.
Series:Classics of human ecology, vol.2
Subjects:
LEADER 01113nam a2200337 a 4500
001 c000146817
003 CARM
005 00000000000000.0
008 710709s1971 enk 00010 eng d
015 |a B7115653 
019 1 |a 1928413  |5 LACONCORD2021 
020 |a 0853141002 :  |c L.2.25 
035 |a (OCoLC)263739  |5 LACONCORD2021 
040 |a DCC  |d XCC 
100 1 |a Barlow, K. E.  |q (Kenneth Elliott) 
245 1 4 |a The discipline of peace /  |c by K.E. Barlow. 
250 |a 2nd ed. 
260 |a London :  |b C. Knight,  |c 1971. 
300 |a xii, 147 p. ;  |c 22 cm. 
440 0 |a Classics of human ecology,  |v vol.2 
500 |a Previous ed., London: Faber, 1942. 
650 0 |a Human ecology. 
650 0 |a Man  |x Influence on nature. 
650 0 |a Human ecology. 
650 0 |a Nature. 
650 0 |a Civilization. 
650 0 |a Environmental health. 
852 8 |b CARM  |h A2:AI13A0  |i B04161  |p 0191402  |f BK 
082 0 4 |a 304.2  |2 19 
999 f f |i b63ae7ce-0163-5dd8-a6fd-35932b58b23a  |s bbb3250d-bc35-5698-908d-e8f742af2976 
952 f f |p Can circulate  |a CAVAL  |b CAVAL  |c CAVAL  |d CARM 1 Store  |e B04161  |f A2:AI13A0  |h Other scheme  |i book  |m 0191402